| 000 | 00559nam a22001577a 4500 | ||
|---|---|---|---|
| 003 | OSt | ||
| 005 | 20150905163621.0 | ||
| 008 | 150905b xxu||||| |||| 00| 0 eng d | ||
| 040 | _cRUA | ||
| 082 | _aAGR អ៊ឹម 1989 B001 Or.1 | ||
| 100 |
_958 _aអ៊ឹម សុភារី |
||
| 245 | _aឥទ្ធិពលនៃការប្រើជីទៅលើដីល្បាប់ក្នងដំណាំឆ្លាស់និងទិន្នផលពោត | ||
| 260 |
_aPhnom Penh _bRUA _c1989 |
||
| 300 |
_a102p. _bill. _c29cm. |
||
| 942 |
_2ddc _cAGR |
||
| 999 |
_c56 _d56 |
||